Online katalóg knižníc regiónu Turca

Ako na silný imunitný systém (Record no. 22363)

MARC details
000 -LEADER
fixed length control field 02697cam a2200685 4500
001 - CONTROL NUMBER
control field 22363
003 - CONTROL NUMBER IDENTIFIER
control field VRT
005 - DATE AND TIME OF LATEST TRANSACTION
control field 20260326153727.0
008 - FIXED-LENGTH DATA ELEMENTS--GENERAL INFORMATION
fixed length control field 210624s2018 xo o g 001 0 slo
015 ## - NATIONAL BIBLIOGRAPHY NUMBER
National bibliography number SNBA2019
020 ## - INTERNATIONAL STANDARD BOOK NUMBER
International Standard Book Number 9788080972486
Qualifying information (viazané)
035 ## - SYSTEM CONTROL NUMBER
System control number urn:nbn:sk:snk-am00e96x
035 ## - SYSTEM CONTROL NUMBER
System control number urn:nbn:sk:snk-am3igb6
035 ## - SYSTEM CONTROL NUMBER
System control number 43E29AFE-A7C3-4410-9700-F9FF59F13C8D
039 #9 - LEVEL OF BIBLIOGRAPHIC CONTROL AND CODING DETAIL [OBSOLETE]
Level of rules in bibliographic description 202106241119
Level of effort used to assign nonsubject heading access points VLOAD
Level of effort used to assign subject headings 202102090830
Level of effort used to assign classification VLOAD
Level of effort used to assign subject headings 202102081046
Level of effort used to assign classification VLOAD
Level of effort used to assign subject headings 201907241149
Level of effort used to assign classification csnk01
040 ## - CATALOGING SOURCE
Original cataloging agency SVKBB
Language of cataloging slo
Transcribing agency SVKBB
Modifying agency SNK
Description conventions rda
041 1# - LANGUAGE CODE
Language code of text/sound track or separate title slo
Language code of intermediate translations ger
Language code of original eng
044 ## - COUNTRY OF PUBLISHING/PRODUCING ENTITY CODE
MARC country code xo
ISO country code SK
072 #7 - SUBJECT CATEGORY CODE
Subject category code 613
Subject category code subdivision Hygiena. Ľudské zdravie
Source konspekt
080 ## - UNIVERSAL DECIMAL CLASSIFICATION NUMBER
Universal Decimal Classification number 613
Edition identifier 2011
080 ## - UNIVERSAL DECIMAL CLASSIFICATION NUMBER
Universal Decimal Classification number 613:304.3
Edition identifier 2011
080 ## - UNIVERSAL DECIMAL CLASSIFICATION NUMBER
Universal Decimal Classification number 613.2
Edition identifier 2011
080 ## - UNIVERSAL DECIMAL CLASSIFICATION NUMBER
Universal Decimal Classification number 616-092.19
Edition identifier 2011
080 ## - UNIVERSAL DECIMAL CLASSIFICATION NUMBER
Universal Decimal Classification number (0.062)
Edition identifier 2011
240 10 - UNIFORM TITLE
Uniform title Strengthen Your Immune System
Language of a work Slovensky
245 00 - TITLE STATEMENT
Title Ako na silný imunitný systém
Statement of responsibility, etc. z nemeckého vydania So stärken Sie Ihr Immunsystem ... preložila Jana Bertóková
246 1# - VARYING FORM OF TITLE
Title proper/short title Na prednej strane obálky:
-- Neoceniteľné rady, ako žiť a čo jesť, aby ste sa vyhli chorobám
250 ## - EDITION STATEMENT
Edition statement Prvé vydanie
264 #1 - PRODUCTION, PUBLICATION, DISTRIBUTION, MANUFACTURE, AND COPYRIGHT NOTICE
Place of production, publication, distribution, manufacture Bratislava
Name of producer, publisher, distributor, manufacturer Tarsago Slovensko, s.r.o.
Date of production, publication, distribution, manufacture, or copyright notice 2018
300 ## - PHYSICAL DESCRIPTION
Extent 303 strán
Other physical details fotografie
Dimensions 28 cm
336 ## - CONTENT TYPE
Content type term text
Content type code txt
Source rdacontent
336 ## - CONTENT TYPE
Content type term statický obraz
Content type code sti
Source rdacontent
337 ## - MEDIA TYPE
Media type term bez média
Media type code n
Source rdamedia
338 ## - CARRIER TYPE
Carrier type term zväzok
Carrier type code nc
Source rdacarrier
490 1# - SERIES STATEMENT
Series statement Reader's Digest
Volume/sequential designation 261
500 ## - GENERAL NOTE
General note Nemecké vydanie So stärken Sie Ihr Immunsystem bolo pripravené na základe aktualizovaného (2016) anglického originálu tejto publikácie Strengthen Your Immune System
504 ## - BIBLIOGRAPHY, ETC. NOTE
Bibliography, etc. note Obsahuje register a zoznam vyobrazení
650 07 - SUBJECT ADDED ENTRY--TOPICAL TERM
Topical term or geographic name entry element životospráva
Source of heading or term SNKPH
650 07 - SUBJECT ADDED ENTRY--TOPICAL TERM
Topical term or geographic name entry element Health behavior
Source of heading or term SNKPHeng
650 07 - SUBJECT ADDED ENTRY--TOPICAL TERM
Topical term or geographic name entry element zdravý životný štýl
Source of heading or term SNKPH
650 07 - SUBJECT ADDED ENTRY--TOPICAL TERM
Topical term or geographic name entry element Healthy lifestyle
Source of heading or term SNKPHeng
650 07 - SUBJECT ADDED ENTRY--TOPICAL TERM
Topical term or geographic name entry element zdravá výživa
Source of heading or term SNKPH
650 07 - SUBJECT ADDED ENTRY--TOPICAL TERM
Topical term or geographic name entry element Healthy eating
Source of heading or term SNKPHeng
650 07 - SUBJECT ADDED ENTRY--TOPICAL TERM
Topical term or geographic name entry element imunitný systém
Source of heading or term SNKPH
650 07 - SUBJECT ADDED ENTRY--TOPICAL TERM
Topical term or geographic name entry element Immune system
Source of heading or term SNKPHeng
650 07 - SUBJECT ADDED ENTRY--TOPICAL TERM
Topical term or geographic name entry element starostlivosť o zdravie
Source of heading or term SNKPH
650 07 - SUBJECT ADDED ENTRY--TOPICAL TERM
Topical term or geographic name entry element Health care
Source of heading or term SNKPHeng
655 #7 - INDEX TERM--GENRE/FORM
Genre/form data or focus term populárno-náučné publikácie
Source of term SNKPH
655 #7 - INDEX TERM--GENRE/FORM
Genre/form data or focus term Popular works
Source of term SNKPHeng
700 1# - ADDED ENTRY--PERSONAL NAME
Personal name Bartóková, Jana
Relationship trl
765 08 - ORIGINAL LANGUAGE ENTRY
Relationship information Názov nemeckého prekladu:
Title So stärken Sie Ihr Immunsystem
830 #0 - SERIES ADDED ENTRY--UNIFORM TITLE
Uniform title Reader's Digest
910 ## - USER-OPTION DATA (OCLC)
User-option data snk
942 ## - ADDED ENTRY ELEMENTS (KOHA)
Source of classification or shelving scheme Dewey Decimal Classification
Koha item type Krásna literatúra pre dospelých
Suppress in OPAC No
949 ## - LOCAL PROCESSING INFORMATION (OCLC)
6 17A1360714
a snkSB 93894
b snk2019/5913
o 2778/2018
s 6100:20190725
949 ## - LOCAL PROCESSING INFORMATION (OCLC)
6 17A1360715
a snkSB 93894 D1
b snk2019/5916
o 2778/2018
949 ## - LOCAL PROCESSING INFORMATION (OCLC)
6 2889344306
a savukPV 27478
b savuk2019/149
949 ## - LOCAL PROCESSING INFORMATION (OCLC)
6 273K0641799
a svkpoC 59688
b svkpo633811
949 ## - LOCAL PROCESSING INFORMATION (OCLC)
6 270001000600071
a svkbbC 63497
b svkbbm 781091
Holdings
Stav vyradenia Strata Poškodenie Spôsob nadobudnutia Domovská knižnica Aktuálna knižnica Dátum nadobudnutia Total checkouts Čiarový kód exemplára Date last seen Typ exemplára
      Dar Obecná knižnica Horná Štubňa Obecná knižnica Horná Štubňa 26.03.2026   9788080972486 26.03.2026 Odborná literatúra pre dospelých
Projekt je podporený Slovenskou asociáciou knižníc
Prevádzkuje Turčianska knižnica Martin 2026